What to expect the toddler years / (Record no. 12693)
[ view plain ]
| 000 -LEADER | |
|---|---|
| fixed length control field | 00753cam a2200253 a 4500 |
| 001 - CONTROL NUMBER | |
| control field | 4886991 |
| 003 - CONTROL NUMBER IDENTIFIER | |
| control field | OSt |
| 005 - DATE AND TIME OF LATEST TRANSACTION | |
| control field | 20160415084205.0 |
| 008 - FIXED-LENGTH DATA ELEMENTS--GENERAL INFORMATION | |
| fixed length control field | 930604s1994 nyua 001 0 eng |
| 010 ## - LIBRARY OF CONGRESS CONTROL NUMBER | |
| LC control number | 93008932 |
| 020 ## - INTERNATIONAL STANDARD BOOK NUMBER | |
| International Standard Book Number | 0894809946 (paper) |
| 040 ## - CATALOGING SOURCE | |
| Original cataloging agency | SEKU |
| 050 00 - LIBRARY OF CONGRESS CALL NUMBER | |
| Classification number | HQ 774.5 |
| Item number | .E5 |
| 100 1# - MAIN ENTRY--PERSONAL NAME | |
| Personal name | Eisenberg, Arlene. |
| 245 10 - TITLE STATEMENT | |
| Title | What to expect the toddler years / |
| Statement of responsibility, etc. | Arlene Eisenberg, Heidi E. Murkoff, Sandee E. Hathaway ; foreword by Morris Green. |
| 260 ## - PUBLICATION, DISTRIBUTION, ETC. (IMPRINT) | |
| Place of publication, distribution, etc. | New York : |
| Name of publisher, distributor, etc. | Workman Pub., |
| Date of publication, distribution, etc. | 1994. |
| 300 ## - PHYSICAL DESCRIPTION | |
| Extent | xx, 904 p. : |
| Other physical details | ill. ; |
| Dimensions | 23 cm. |
| 500 ## - GENERAL NOTE | |
| General note | Includes index. |
| 650 #0 - SUBJECT ADDED ENTRY--TOPICAL TERM | |
| Topical term or geographic name as entry element | Toddlers. |
| 650 #0 - SUBJECT ADDED ENTRY--TOPICAL TERM | |
| Topical term or geographic name as entry element | Child rearing. |
| 700 1# - ADDED ENTRY--PERSONAL NAME | |
| Personal name | Murkoff, Heidi Eisenberg. |
| 700 1# - ADDED ENTRY--PERSONAL NAME | |
| Personal name | Hathaway, Sandee Eisenberg. |
| 942 ## - ADDED ENTRY ELEMENTS (KOHA) | |
| Source of classification or shelving scheme | Library of Congress Classification |
| Koha item type | General circulation |
| Withdrawn status | Lost status | Source of classification or shelving scheme | Damaged status | Not for loan | Home library | Current library | Shelving location | Date acquired | Source of acquisition | Total Checkouts | Full call number | Barcode | Date last seen | Price effective from | Koha item type | Public note |
|---|---|---|---|---|---|---|---|---|---|---|---|---|---|---|---|---|
| Library of Congress Classification | SEHSS - Library | SEHSS - Library | General Stacks | 15/04/2016 | Donation- Books for Africa | [EHS] HQ 774.5 .E5 | 2016/016456 | 15/04/2016 | 15/04/2016 | General circulation | TNY |